Largest Cities In Idaho - Statistics

General Stats
  • This quiz has been taken 4 times
  • The average score is 4 of 20
Answer Stats
Rank Population City % Correct
1 224,300 Boise
100%
4 60,147 Idaho Falls
75%
9 32,604 Lewiston
50%
3 91,663 Nampa
50%
7 49,609 Couer d'Alene
25%
13 25,075 Eagle
25%
2 97,008 Meridian
25%
5 55,162 Pocatello
25%
10 31,945 Post Falls
25%
8 48,225 Twin Falls
25%
15 15,403 Ammon
0%
19 11,854 Blackfoot
0%
6 53,205 Caldwell
0%
16 14,728 Chubbuck
0%
20 11,743 Garden City
0%
17 14,380 Hayden
0%
14 18,445 Kuna
0%
12 25,174 Moscow
0%
18 13,998 Mountain Home
0%
11 27,957 Rexburg
0%
No matching quizzes found
Score Distribution
Percent of People with Each Score
Percentile by Number Answered
Your Score History
You have not taken this quiz